Bricks, mortar, rent and a monthly payroll (Record no. 72998)
[ view plain ]
| 000 -LEADER | |
|---|---|
| fixed length control field | 01252cam a2200289 4500 |
| 001 - CONTROL NUMBER | |
| control field | ABS66830 |
| 008 - FIXED-LENGTH DATA ELEMENTS--GENERAL INFORMATION | |
| fixed length control field | 030703n2003 000 0 eng u |
| 035 ## - SYSTEM CONTROL NUMBER | |
| System control number | (Sirsi) u122922 |
| 100 ## - MAIN ENTRY--PERSONAL NAME | |
| Personal name | Hodge, A. |
| 245 ## - TITLE STATEMENT | |
| Title | Bricks, mortar, rent and a monthly payroll |
| 260 ## - PUBLICATION, DISTRIBUTION, ETC. | |
| Date of publication, distribution, etc. | 2003 |
| 490 ## - SERIES STATEMENT | |
| Series statement | Estates Gazette |
| Volume/sequential designation | (0325) 21 June 2003, 136-137(2) |
| 520 ## - SUMMARY, ETC. | |
| Summary, etc. | Highlights the responsibilities of employers towards employees in the transfer of businesses under the Transfer of Undertakings (Protection of Employment) Regulations 1981 (TUPE). Includes a checklist identifying key points on TUPE rights when buying and selling property. Discusses recent case law. |
| 590 ## - LOCAL NOTE (RLIN) | |
| Local note | ABS |
| 650 ## - SUBJECT ADDED ENTRY--TOPICAL TERM | |
| Topical term or geographic name entry element | TRANSFER OF UNDERTAKINGS (PROTECTION OF EMPLOYMENT) REGULATIONS 1981 |
| 650 ## - SUBJECT ADDED ENTRY--TOPICAL TERM | |
| Topical term or geographic name entry element | TUPE |
| 650 ## - SUBJECT ADDED ENTRY--TOPICAL TERM | |
| Topical term or geographic name entry element | EMPLOYMENT LAW |
| 650 ## - SUBJECT ADDED ENTRY--TOPICAL TERM | |
| Topical term or geographic name entry element | EMPLOYEES RIGHTS |
| 650 ## - SUBJECT ADDED ENTRY--TOPICAL TERM | |
| Topical term or geographic name entry element | FORENINGEN AF ARBEJDSLEDERE I DANMARK V DADDY'S DANCE HALL |
| 650 ## - SUBJECT ADDED ENTRY--TOPICAL TERM | |
| Topical term or geographic name entry element | BERG AND BUSSCHERS V BESSELSEN |
| 650 ## - SUBJECT ADDED ENTRY--TOPICAL TERM | |
| Topical term or geographic name entry element | SCHMIDT V SPAR UND LEIHKASSE DER FRUHEREN AMER BORDESHOLM KIEL UND CRONSHAGEN |
| 650 ## - SUBJECT ADDED ENTRY--TOPICAL TERM | |
| Topical term or geographic name entry element | SUZEN V ZEHNACKER BEBAUDEREINIGUNG GMBH KRANKENHAUSSERVICE |
| 650 ## - SUBJECT ADDED ENTRY--TOPICAL TERM | |
| Topical term or geographic name entry element | LOWE V DUDLEY BOWER BUILDING SERVICES LTD |
| 690 ## - LOCAL SUBJECT ADDED ENTRY--TOPICAL TERM (OCLC, RLIN) | |
| Topical term or geographic name as entry element | LAW |
| 700 ## - ADDED ENTRY--PERSONAL NAME | |
| Personal name | Brodie, P. |
| 942 ## - ADDED ENTRY ELEMENTS (KOHA) | |
| Suppress in OPAC | 0 |
| Withdrawn status | Lost status | Source of classification or shelving scheme | Damaged status | Not for loan | Home library | Current library | Shelving location | Date acquired | Total Checkouts | Full call number | Barcode | Date last seen | Copy number | Price effective from | Koha item type |
|---|---|---|---|---|---|---|---|---|---|---|---|---|---|---|---|
| Dewey Decimal Classification | London | London | Journal article | 03/07/2003 | ABS66830 | 122922-1001 | 06/08/2019 | 1 | 06/08/2019 | Journal article |